[Event "Anti Cheating Blitz Cup"]
[Site "Chess.com INT"]
[Date "2020.05.20"]
[Round "4"]
[White "Restifo Pecorella, Marco"]
[Black "Abarca Torres, Ronaldo Manuel"]
[Result "0-1"]
[WhiteElo "1565"]
[BlackElo "1553"]
[PlyCount "52"]
[EventDate "2020.05.20"]
[EventType "swiss (blitz)"]
[EventRounds "11"]
[EventCountry "USA"]
[SourceTitle "CBM 196 Extra"]
[Source "ChessBase"]
[SourceDate "2020.07.31"]
[SourceVersion "1"]
[SourceVersionDate "2020.07.31"]
[SourceQuality "1"]

1. e4 c5 2. Nf3 d6 3. d4 cxd4 4. Nxd4 Nf6 5. Bc4 e6 6. Nc3 a6 7. Bg5 Be7 8. a4 b6 9. 0-0 0-0 10. Qe2 Qc7 11. Rfd1 Nc6 12. Nxc6 Qxc6 13. e5 Bb7 14. f3 dxe5 15. Bxf6 Bxf6 16. Rd3 Qxc4 17. b3 Qc5+ 18. Kf1 Rad8 19. Ne4 Bxe4 20. fxe4 Rd4 21. c4 Rfd8 22. Rh3 g6 23. Rg3 Rd2 24. Qf3 Bg7 25. Rg5 R8d3 26. Qg4 Qf2# 0-1